<?xml version="1.0" encoding="UTF-8"?>
<record
    xmlns:xsi="http://www.w3.org/2001/XMLSchema-instance"
    xsi:schemaLocation="http://www.loc.gov/MARC21/slim http://www.loc.gov/standards/marcxml/schema/MARC21slim.xsd"
    xmlns="http://www.loc.gov/MARC21/slim">

  <leader>05928ncm0a2200577   4500</leader>
  <controlfield tag="001">RU\NLR\ONIZ\194136</controlfield>
  <controlfield tag="005">20250614044237.0</controlfield>
  <datafield tag="035" ind1=" " ind2=" ">
    <subfield code="a">RU\NLR\ONIZ\lanatalya\5000000163\20110209194136</subfield>
  </datafield>
  <datafield tag="035" ind1=" " ind2=" ">
    <subfield code="a">(NLR Aleph) 010403110</subfield>
  </datafield>
  <datafield tag="090" ind1=" " ind2=" ">
    <subfield code="a">9716932</subfield>
    <subfield code="c">9716932</subfield>
  </datafield>
  <datafield tag="100" ind1=" " ind2=" ">
    <subfield code="a">20110209d2010    |||y0rusy50      ca</subfield>
  </datafield>
  <datafield tag="101" ind1="0" ind2=" ">
    <subfield code="a">eng</subfield>
    <subfield code="a">rus</subfield>
  </datafield>
  <datafield tag="102" ind1=" " ind2=" ">
    <subfield code="a">RU</subfield>
  </datafield>
  <datafield tag="125" ind1=" " ind2=" ">
    <subfield code="a">zx</subfield>
  </datafield>
  <datafield tag="128" ind1=" " ind2=" ">
    <subfield code="a">wz </subfield>
    <subfield code="a">vr </subfield>
    <subfield code="a">inv</subfield>
    <subfield code="a">mr </subfield>
    <subfield code="a">nc </subfield>
    <subfield code="a">prd</subfield>
    <subfield code="a">rd </subfield>
    <subfield code="a">sch</subfield>
    <subfield code="a">st </subfield>
    <subfield code="a">hum</subfield>
  </datafield>
  <datafield tag="145" ind1="0" ind2=" ">
    <subfield code="a">b</subfield>
  </datafield>
  <datafield tag="200" ind1="1" ind2=" ">
    <subfield code="a">&#x410;&#x43B;&#x44C;&#x431;&#x43E;&#x43C; &#x434;&#x43B;&#x44F; &#x434;&#x435;&#x442;&#x435;&#x439; &#x438; &#x44E;&#x43D;&#x43E;&#x448;&#x435;&#x441;&#x442;&#x432;&#x430;</subfield>
    <subfield code="b">&#x41D;&#x43E;&#x442;&#x44B;</subfield>
    <subfield code="e">&#x434;&#x43B;&#x44F; &#x444;&#x43F;.</subfield>
    <subfield code="d">Album for children and young people</subfield>
    <subfield code="e">for piano</subfield>
    <subfield code="z">eng</subfield>
    <subfield code="f">&#x412;. &#x421;&#x43E;&#x43B;&#x43E;&#x432;&#x44C;&#x435;&#x432;</subfield>
  </datafield>
  <datafield tag="210" ind1=" " ind2=" ">
    <subfield code="a">&#x421;&#x430;&#x43D;&#x43A;&#x442;-&#x41F;&#x435;&#x442;&#x435;&#x440;&#x431;&#x443;&#x440;&#x433;</subfield>
    <subfield code="c">&#x417;&#x43D;&#x430;&#x43A;&#x44A;</subfield>
    <subfield code="d">2010</subfield>
  </datafield>
  <datafield tag="215" ind1=" " ind2=" ">
    <subfield code="a">52 &#x441;.</subfield>
    <subfield code="c">&#x438;&#x43B;.</subfield>
    <subfield code="d">30 &#x441;&#x43C;</subfield>
  </datafield>
  <datafield tag="300" ind1=" " ind2=" ">
    <subfield code="a">&#x41D;&#x430; &#x441;. 2-3 &#x43E;&#x431;&#x43B;. : &#x441;&#x442;. &#x430;&#x432;&#x442;.</subfield>
  </datafield>
  <datafield tag="300" ind1=" " ind2=" ">
    <subfield code="a">&#x41D;&#x430; &#x441;. 2 &#x43E;&#x431;&#x43B;. : &#x434;&#x430;&#x440;&#x441;&#x442;&#x432;. &#x43D;&#x430;&#x434;&#x43F;&#x438;&#x441;&#x44C; &#x430;&#x432;&#x442;.</subfield>
  </datafield>
  <datafield tag="313" ind1=" " ind2=" ">
    <subfield code="a">&#x421;&#x438;&#x441;&#x442;&#x435;&#x43C;&#x430;&#x442;&#x438;&#x437;&#x430;&#x446;&#x438;&#x44F; &#x434;&#x43E;&#x43A;&#x443;&#x43C;&#x435;&#x43D;&#x442;&#x430; &#x43F;&#x440;&#x43E;&#x432;&#x435;&#x434;&#x435;&#x43D;&#x430; &#x43F;&#x43E; &#x438;&#x437;&#x434;&#x430;&#x43D;&#x438;&#x44E; - &#x41C;&#x435;&#x442;&#x43E;&#x434;&#x438;&#x43A;&#x430; &#x43A;&#x43B;&#x430;&#x441;&#x441;&#x438;&#x444;&#x438;&#x446;&#x438;&#x440;&#x43E;&#x432;&#x430;&#x43D;&#x438;&#x44F; &#x43C;&#x443;&#x437;&#x44B;&#x43A;&#x430;&#x43B;&#x44C;&#x43D;&#x44B;&#x445; &#x43F;&#x440;&#x43E;&#x438;&#x437;&#x432;&#x435;&#x434;&#x435;&#x43D;&#x438;&#x439; (&#x43D;&#x43E;&#x442;&#x43D;&#x44B;&#x445; &#x438;&#x437;&#x434;&#x430;&#x43D;&#x438;&#x439;) &#x43F;&#x43E; &#x442;&#x430;&#x431;&#x43B;&#x438;&#x446;&#x430;&#x43C; &#x411;&#x438;&#x431;&#x43B;&#x438;&#x43E;&#x442;&#x435;&#x447;&#x43D;&#x43E;-&#x431;&#x438;&#x431;&#x43B;&#x438;&#x43E;&#x433;&#x440;&#x430;&#x444;&#x438;&#x447;&#x435;&#x441;&#x43A;&#x438;&#x445; &#x43A;&#x43B;&#x430;&#x441;&#x441;&#x438;&#x444;&#x438;&#x43A;&#x430;&#x446;&#x438;&#x439; : &#x43C;&#x435;&#x442;&#x43E;&#x434;. &#x440;&#x435;&#x43A;&#x43E;&#x43C;&#x435;&#x43D;&#x434;&#x430;&#x446;&#x438;&#x438; / &#x413;&#x43E;&#x441;. &#x431;-&#x43A;&#x430; &#x421;&#x421;&#x421;&#x420; &#x438;&#x43C;. &#x412;.&#x418;. &#x41B;&#x435;&#x43D;&#x438;&#x43D;&#x430;.- &#x41C;., 1977. &#x418;&#x43D;&#x434;&#x435;&#x43A;&#x441;&#x443; &#x411;&#x411;&#x41A; &#x43C;&#x435;&#x442;&#x43E;&#x434;&#x438;&#x447;&#x435;&#x441;&#x43A;&#x438;&#x445; &#x440;&#x435;&#x43A;&#x43E;&#x43C;&#x435;&#x43D;&#x434;&#x430;&#x446;&#x438;&#x439; &#x43F;&#x440;&#x438;&#x441;&#x432;&#x430;&#x438;&#x432;&#x430;&#x435;&#x442;&#x441;&#x44F; &#x43A;&#x43E;&#x434; &#x411;&#x411;&#x41A; &#x434;&#x43B;&#x44F; &#x43D;&#x430;&#x443;&#x447;&#x43D;&#x44B;&#x445; &#x431;&#x438;&#x431;&#x43B;&#x438;&#x43E;&#x442;&#x435;&#x43A; - LBC/SL</subfield>
  </datafield>
  <datafield tag="327" ind1="1" ind2=" ">
    <subfield code="a">1. &#x41B;&#x451;&#x433;&#x43A;&#x438;&#x439; &#x43C;&#x430;&#x440;&#x448; = Easy march;</subfield>
    <subfield code="a">2. &#x41A;&#x443;&#x43A;&#x43E;&#x43B;&#x44C;&#x43D;&#x44B;&#x439; &#x432;&#x430;&#x43B;&#x44C;&#x441; = Waltz of dolls;</subfield>
    <subfield code="a">3. &#x41F;&#x43E;&#x43B;&#x44C;&#x43A;&#x430; - &#x42E;&#x43B;&#x44C;&#x43A;&#x430; = Polka - Julka;</subfield>
    <subfield code="a">4. &#x41F;&#x440;&#x43E;&#x441;&#x43D;&#x438;&#x441;&#x44C; &#x438; &#x434;&#x435;&#x439;&#x441;&#x442;&#x432;&#x443;&#x439; : (&#x42E;&#x43C;&#x43E;&#x440;&#x435;&#x441;&#x43A;&#x430;) = To waken and to work : (Humoreska);</subfield>
    <subfield code="a">5. &#x422;&#x440;&#x443;&#x434;&#x43D;&#x44B;&#x439; &#x443;&#x440;&#x43E;&#x43A; : (&#x42D;&#x442;&#x44E;&#x434;) = Diffikalet lesson : (Etude);</subfield>
    <subfield code="a">6. &#x41F;&#x430;&#x441;&#x43C;&#x443;&#x440;&#x43D;&#x43E;&#x435; &#x443;&#x442;&#x440;&#x43E; : (&#x41F;&#x440;&#x435;&#x43B;&#x44E;&#x434;&#x438;&#x44F;) = Misty Morning : (Prelude);</subfield>
    <subfield code="a">7. &#x41F;&#x435;&#x439;&#x437;&#x430;&#x436; &#x441; &#x434;&#x43E;&#x436;&#x434;&#x451;&#x43C; : (&#x41D;&#x43E;&#x43A;&#x442;&#x44E;&#x440;&#x43D;) = Landscape with rain : (Nocturne);</subfield>
    <subfield code="a">8. &#x421;&#x43E;&#x43B;&#x43D;&#x435;&#x447;&#x43D;&#x44B;&#x435; &#x437;&#x430;&#x439;&#x447;&#x438;&#x43A;&#x438; : (&#x418;&#x43D;&#x432;&#x435;&#x43D;&#x446;&#x438;&#x44F;) = Sunligt reflection : (Invention);</subfield>
    <subfield code="a">9. &#x41A;&#x43E;&#x43B;&#x44B;&#x431;&#x435;&#x43B;&#x44C;&#x43D;&#x430;&#x44F; = Lullaby;</subfield>
    <subfield code="a">10. &#x426;&#x438;&#x440;&#x43A; &#x43F;&#x440;&#x438;&#x435;&#x445;&#x430;&#x43B; : (&#x421;&#x43A;&#x435;&#x440;&#x446;&#x43E;) = Circus coming : (Scherzo);</subfield>
    <subfield code="a">11. &#x41B;&#x435;&#x442;&#x43D;&#x438;&#x439; &#x432;&#x430;&#x43B;&#x44C;&#x441; : (&#x422;&#x430;&#x43D;&#x435;&#x446;) = Summer waltz : (Dance);</subfield>
    <subfield code="a">12. &#x41D;&#x430; &#x43B;&#x435;&#x441;&#x43D;&#x43E;&#x439; &#x43E;&#x43F;&#x443;&#x448;&#x43A;&#x435; : (&#x412;&#x430;&#x440;&#x438;&#x430;&#x446;&#x438;&#x438;) = On forest glade : (Variations);</subfield>
    <subfield code="a">13. &#x41A;&#x430;&#x43D;&#x438;&#x43A;&#x443;&#x43B;&#x44B; : (&#x420;&#x43E;&#x43D;&#x434;&#x43E;) = Holidays : (Rondo);</subfield>
    <subfield code="a">14. &#x421;&#x43A;&#x430;&#x437;&#x43A;&#x430; = Fairy - tale;</subfield>
    <subfield code="a">15. &#x421;&#x442;&#x430;&#x440;&#x438;&#x43D;&#x43D;&#x44B;&#x439; &#x442;&#x430;&#x43D;&#x435;&#x446; = Old - fashioned dance;</subfield>
    <subfield code="a">16. &#x428;&#x43A;&#x43E;&#x43B;&#x44C;&#x43D;&#x44B;&#x439; &#x434;&#x435;&#x43D;&#x44C; : (&#x421;&#x43E;&#x43D;&#x430;&#x442;&#x438;&#x43D;&#x430;) = School day : (Sonatina)</subfield>
  </datafield>
  <datafield tag="464" ind1=" " ind2="0">
    <subfield code="1">2001#$a&#x41B;&#x451;&#x433;&#x43A;&#x438;&#x439; &#x43C;&#x430;&#x440;&#x448;$dEasy march$zeng</subfield>
    <subfield code="1">215##$a&#x421;.2-3</subfield>
    <subfield code="1">686##$a&#x429;954.298-058.53(2&#x420;=&#x420;)$vLBC/SL$2rubbk</subfield>
    <subfield code="t">&#x41B;&#x451;&#x433;&#x43A;&#x438;&#x439; &#x43C;&#x430;&#x440;&#x448;</subfield>
  </datafield>
  <datafield tag="464" ind1=" " ind2="0">
    <subfield code="1">2001#$a&#x41A;&#x443;&#x43A;&#x43E;&#x43B;&#x44C;&#x43D;&#x44B;&#x439; &#x432;&#x430;&#x43B;&#x44C;&#x441;$zeng$dWaltz of dolls</subfield>
    <subfield code="1">215##$a&#x421;.4-5</subfield>
    <subfield code="1">686##$a&#x429;954.298-058.55(2&#x420;=&#x420;)$vLBC/SL$2rubbk</subfield>
    <subfield code="t">&#x41A;&#x443;&#x43A;&#x43E;&#x43B;&#x44C;&#x43D;&#x44B;&#x439; &#x432;&#x430;&#x43B;&#x44C;&#x441;</subfield>
  </datafield>
  <datafield tag="464" ind1=" " ind2="0">
    <subfield code="1">2001#$a&#x41F;&#x43E;&#x43B;&#x44C;&#x43A;&#x430; - &#x42E;&#x43B;&#x44C;&#x43A;&#x430;$dPolka - Julka$zeng</subfield>
    <subfield code="1">215##$a&#x421;.6-7</subfield>
    <subfield code="1">686##$a&#x429;954.298-058.55(2&#x420;=&#x420;)$vLBC/SL$2rubbk</subfield>
    <subfield code="t">&#x41F;&#x43E;&#x43B;&#x44C;&#x43A;&#x430; - &#x42E;&#x43B;&#x44C;&#x43A;&#x430;</subfield>
  </datafield>
  <datafield tag="464" ind1=" " ind2="0">
    <subfield code="1">2001#$a&#x41F;&#x440;&#x43E;&#x441;&#x43D;&#x438;&#x441;&#x44C; &#x438; &#x434;&#x435;&#x439;&#x441;&#x442;&#x432;&#x443;&#x439;$e(&#x42E;&#x43C;&#x43E;&#x440;&#x435;&#x441;&#x43A;&#x430;)$dTo waken and to work$e(Humoreska)$zeng</subfield>
    <subfield code="1">215##$a&#x421;.8-9</subfield>
    <subfield code="1">686##$a&#x429;954.298-058.8(2&#x420;=&#x420;)$vLBC/SL$2rubbk</subfield>
    <subfield code="t">&#x41F;&#x440;&#x43E;&#x441;&#x43D;&#x438;&#x441;&#x44C; &#x438; &#x434;&#x435;&#x439;&#x441;&#x442;&#x432;&#x443;&#x439;</subfield>
  </datafield>
  <datafield tag="464" ind1=" " ind2="0">
    <subfield code="1">2001#$a&#x422;&#x440;&#x443;&#x434;&#x43D;&#x44B;&#x439; &#x443;&#x440;&#x43E;&#x43A;$e(&#x42D;&#x442;&#x44E;&#x434;)$dDiffikalet lesson$e(Etude)$zeng</subfield>
    <subfield code="1">215##$a&#x421;.10-11</subfield>
    <subfield code="1">686##$a&#x429;954.294-058.2(2&#x420;=&#x420;)$vLBC/SL$2rubbk</subfield>
    <subfield code="t">&#x422;&#x440;&#x443;&#x434;&#x43D;&#x44B;&#x439; &#x443;&#x440;&#x43E;&#x43A;</subfield>
  </datafield>
  <datafield tag="464" ind1=" " ind2="0">
    <subfield code="1">2001#$a&#x41F;&#x430;&#x441;&#x43C;&#x443;&#x440;&#x43D;&#x43E;&#x435; &#x443;&#x442;&#x440;&#x43E;$e(&#x41F;&#x440;&#x435;&#x43B;&#x44E;&#x434;&#x438;&#x44F;)$dMisty Morning$e(Prelude)$zeng</subfield>
    <subfield code="1">215##$a&#x421;.12</subfield>
    <subfield code="1">686##$a&#x429;954.298-058.4(2&#x420;=&#x420;)$vLBC/SL$2rubbk</subfield>
    <subfield code="t">&#x41F;&#x430;&#x441;&#x43C;&#x443;&#x440;&#x43D;&#x43E;&#x435; &#x443;&#x442;&#x440;&#x43E;</subfield>
  </datafield>
  <datafield tag="464" ind1=" " ind2="0">
    <subfield code="1">2001#$a&#x41F;&#x435;&#x439;&#x437;&#x430;&#x436; &#x441; &#x434;&#x43E;&#x436;&#x434;&#x451;&#x43C;$e(&#x41D;&#x43E;&#x43A;&#x442;&#x44E;&#x440;&#x43D;)$dLandscape with rain$e(Nocturne)$zeng</subfield>
    <subfield code="1">215##$a&#x421;.13-15</subfield>
    <subfield code="1">686##$a&#x429;954.298-058.7(2&#x420;=&#x420;)$vLBC/SL$2rubbk</subfield>
    <subfield code="t">&#x41F;&#x435;&#x439;&#x437;&#x430;&#x436; &#x441; &#x434;&#x43E;&#x436;&#x434;&#x451;&#x43C;</subfield>
  </datafield>
  <datafield tag="464" ind1=" " ind2="0">
    <subfield code="1">2001#$a&#x421;&#x43E;&#x43B;&#x43D;&#x435;&#x447;&#x43D;&#x44B;&#x435; &#x437;&#x430;&#x439;&#x447;&#x438;&#x43A;&#x438;$e(&#x418;&#x43D;&#x432;&#x435;&#x43D;&#x446;&#x438;&#x44F;)$dSunligt reflection$e(Invention)$zeng</subfield>
    <subfield code="1">215##$a&#x421;.16-17</subfield>
    <subfield code="1">686##$a&#x429;954.298-045(2&#x420;=&#x420;)$vLBC/SL$2rubbk</subfield>
    <subfield code="t">&#x421;&#x43E;&#x43B;&#x43D;&#x435;&#x447;&#x43D;&#x44B;&#x435; &#x437;&#x430;&#x439;&#x447;&#x438;&#x43A;&#x438;</subfield>
  </datafield>
  <datafield tag="464" ind1=" " ind2="0">
    <subfield code="1">2001#$a&#x41A;&#x43E;&#x43B;&#x44B;&#x431;&#x435;&#x43B;&#x44C;&#x43D;&#x430;&#x44F;$dLullaby$zeng</subfield>
    <subfield code="1">215##$a&#x421;.18-19</subfield>
    <subfield code="1">686##$a&#x429;954.298-058.3(2&#x420;=&#x420;)$vLBC/SL$2rubbk</subfield>
    <subfield code="t">&#x41A;&#x43E;&#x43B;&#x44B;&#x431;&#x435;&#x43B;&#x44C;&#x43D;&#x430;&#x44F;</subfield>
  </datafield>
  <datafield tag="464" ind1=" " ind2="0">
    <subfield code="1">2001#$a&#x426;&#x438;&#x440;&#x43A; &#x43F;&#x440;&#x438;&#x435;&#x445;&#x430;&#x43B;$e(&#x421;&#x43A;&#x435;&#x440;&#x446;&#x43E;)$dCircus coming$e(Scherzo)$zeng</subfield>
    <subfield code="1">215##$a&#x421;.20-23</subfield>
    <subfield code="1">686##$a&#x429;954.298-056(2&#x420;=&#x420;)$vLBC/SL$2rubbk</subfield>
    <subfield code="t">&#x426;&#x438;&#x440;&#x43A; &#x43F;&#x440;&#x438;&#x435;&#x445;&#x430;&#x43B;</subfield>
  </datafield>
  <datafield tag="464" ind1=" " ind2="0">
    <subfield code="1">2001#$a&#x41B;&#x435;&#x442;&#x43D;&#x438;&#x439; &#x432;&#x430;&#x43B;&#x44C;&#x441;$e(&#x422;&#x430;&#x43D;&#x435;&#x446;)$dSummer waltz$e(Dance)$zeng</subfield>
    <subfield code="1">215##$a&#x421;.24-26</subfield>
    <subfield code="1">686##$a&#x429;954.298-058.55(2&#x420;=&#x420;)$vLBC/SL$2rubbk</subfield>
    <subfield code="t">&#x41B;&#x435;&#x442;&#x43D;&#x438;&#x439; &#x432;&#x430;&#x43B;&#x44C;&#x441;</subfield>
  </datafield>
  <datafield tag="464" ind1=" " ind2="0">
    <subfield code="1">2001#$a&#x41D;&#x430; &#x43B;&#x435;&#x441;&#x43D;&#x43E;&#x439; &#x43E;&#x43F;&#x443;&#x448;&#x43A;&#x435;$e(&#x412;&#x430;&#x440;&#x438;&#x430;&#x446;&#x438;&#x438;)$dOn forest glade$e(Variations)$zeng</subfield>
    <subfield code="1">215##$a&#x421;.27-31</subfield>
    <subfield code="1">686##$a&#x429;954.298-055(2&#x420;=&#x420;)$vLBC/SL$2rubbk</subfield>
    <subfield code="t">&#x41D;&#x430; &#x43B;&#x435;&#x441;&#x43D;&#x43E;&#x439; &#x43E;&#x43F;&#x443;&#x448;&#x43A;&#x435;</subfield>
  </datafield>
  <datafield tag="464" ind1=" " ind2="0">
    <subfield code="1">2001#$a&#x41A;&#x430;&#x43D;&#x438;&#x43A;&#x443;&#x43B;&#x44B;$e(&#x420;&#x43E;&#x43D;&#x434;&#x43E;)$dHolidays$e(Rondo)$zeng</subfield>
    <subfield code="1">215##$a&#x421;.32-37</subfield>
    <subfield code="1">686##$a&#x429;954.298-056(2&#x420;=&#x420;)$vLBC/SL$2rubbk</subfield>
    <subfield code="t">&#x41A;&#x430;&#x43D;&#x438;&#x43A;&#x443;&#x43B;&#x44B;</subfield>
  </datafield>
  <datafield tag="464" ind1=" " ind2="0">
    <subfield code="1">2001#$a&#x421;&#x43A;&#x430;&#x437;&#x43A;&#x430;$dFairy - tale$zeng</subfield>
    <subfield code="1">215##$a&#x421;.38-41</subfield>
    <subfield code="1">686##$a&#x429;954.298-058.9(2&#x420;=&#x420;)$vLBC/SL$2rubbk</subfield>
    <subfield code="t">&#x421;&#x43A;&#x430;&#x437;&#x43A;&#x430;</subfield>
  </datafield>
  <datafield tag="464" ind1=" " ind2="0">
    <subfield code="1">2001#$a&#x421;&#x442;&#x430;&#x440;&#x438;&#x43D;&#x43D;&#x44B;&#x439; &#x442;&#x430;&#x43D;&#x435;&#x446;$dOld - fashioned dance$zeng</subfield>
    <subfield code="1">215##$a&#x421;.42-45</subfield>
    <subfield code="1">686##$a&#x429;954.298-058.55(2&#x420;=&#x420;)$vLBC/SL$2rubbk</subfield>
    <subfield code="t">&#x421;&#x442;&#x430;&#x440;&#x438;&#x43D;&#x43D;&#x44B;&#x439; &#x442;&#x430;&#x43D;&#x435;&#x446;</subfield>
  </datafield>
  <datafield tag="464" ind1=" " ind2="0">
    <subfield code="1">2001#$a&#x428;&#x43A;&#x43E;&#x43B;&#x44C;&#x43D;&#x44B;&#x439; &#x434;&#x435;&#x43D;&#x44C;$e(&#x421;&#x43E;&#x43D;&#x430;&#x442;&#x438;&#x43D;&#x430;)$dSchool day$e(Sonatina)$zeng</subfield>
    <subfield code="1">215##$a&#x421;.46-51</subfield>
    <subfield code="1">686##$a&#x429;954.295-041(2&#x420;=&#x420;)$vLBC/SL$2rubbk</subfield>
    <subfield code="t">&#x428;&#x43A;&#x43E;&#x43B;&#x44C;&#x43D;&#x44B;&#x439; &#x434;&#x435;&#x43D;&#x44C;</subfield>
  </datafield>
  <datafield tag="686" ind1=" " ind2=" ">
    <subfield code="a">&#x429;954.298(2&#x420;=&#x420;)&#x44F;44</subfield>
    <subfield code="v">LBC/SL</subfield>
    <subfield code="2">rubbk</subfield>
  </datafield>
  <datafield tag="686" ind1=" " ind2=" ">
    <subfield code="a">&#x429;985.42(2&#x420;=&#x420;)&#x44F;44</subfield>
    <subfield code="v">LBC/SL</subfield>
    <subfield code="2">rubbk</subfield>
  </datafield>
  <datafield tag="700" ind1=" " ind2="1">
    <subfield code="9">z02790</subfield>
    <subfield code="a">&#x421;&#x43E;&#x43B;&#x43E;&#x432;&#x44C;&#x435;&#x432;</subfield>
    <subfield code="b">&#x412;. &#x413;.</subfield>
    <subfield code="f">1937-</subfield>
    <subfield code="g">&#x412;&#x43B;&#x430;&#x434;&#x438;&#x441;&#x43B;&#x430;&#x432; &#x413;&#x435;&#x43E;&#x440;&#x433;&#x438;&#x435;&#x432;&#x438;&#x447;</subfield>
    <subfield code="4">230</subfield>
    <subfield code="4">450</subfield>
    <subfield code="4">320</subfield>
    <subfield code="7">ca</subfield>
  </datafield>
  <datafield tag="790" ind1=" " ind2="1">
    <subfield code="9">z02700</subfield>
    <subfield code="a">Solov`yev</subfield>
    <subfield code="b">V. G.</subfield>
    <subfield code="f">1937-</subfield>
    <subfield code="g">Vladislav Georgievich</subfield>
    <subfield code="4">230</subfield>
    <subfield code="4">450</subfield>
    <subfield code="4">320</subfield>
  </datafield>
  <datafield tag="801" ind1=" " ind2="0">
    <subfield code="a">RU</subfield>
    <subfield code="b">NLR</subfield>
    <subfield code="c">20110209</subfield>
    <subfield code="g">PSBO</subfield>
  </datafield>
  <datafield tag="801" ind1=" " ind2="1">
    <subfield code="a">RU</subfield>
    <subfield code="b">NLR</subfield>
    <subfield code="c">20110209</subfield>
    <subfield code="2">rusmarc</subfield>
  </datafield>
  <datafield tag="801" ind1=" " ind2="2">
    <subfield code="a">RU</subfield>
    <subfield code="b">NLR</subfield>
    <subfield code="c">20190302</subfield>
  </datafield>
  <datafield tag="852" ind1=" " ind2=" ">
    <subfield code="a">NLR</subfield>
    <subfield code="b">&#x41C;</subfield>
    <subfield code="j">986/287</subfield>
    <subfield code="p">280890</subfield>
    <subfield code="t">1</subfield>
  </datafield>
  <datafield tag="942" ind1=" " ind2=" ">
    <subfield code="c">SCORE</subfield>
  </datafield>
  <datafield tag="980" ind1=" " ind2=" ">
    <subfield code="a">NB</subfield>
  </datafield>
  <datafield tag="980" ind1=" " ind2=" ">
    <subfield code="a">ONIZ</subfield>
  </datafield>
  <datafield tag="995" ind1=" " ind2=" ">
    <subfield code="5">2011-02-09</subfield>
    <subfield code="b">NLR01</subfield>
    <subfield code="c">NLR01</subfield>
    <subfield code="e">ONIZ</subfield>
    <subfield code="k">986/287 986/287</subfield>
    <subfield code="o">0</subfield>
    <subfield code="r">SCORE</subfield>
    <subfield code="s">986287_986287</subfield>
  </datafield>
</record>
